Development and Acceptability of a Coin-Operated Smart Printing Machine / (Record no. 86599)
[ view plain ]
| 000 -LEADER | |
|---|---|
| fixed length control field | 02871nam a22003017a 4500 |
| 003 - CONTROL NUMBER IDENTIFIER | |
| control field | URS |
| 005 - DATE AND TIME OF LATEST TRANSACTION | |
| control field | 20251015132752.0 |
| 008 - FIXED-LENGTH DATA ELEMENTS--GENERAL INFORMATION | |
| fixed length control field | 240618b ||||| |||| 00| 0 eng d |
| 040 ## - CATALOGING SOURCE | |
| Transcribing agency | URS |
| 050 ## - LIBRARY OF CONGRESS CALL NUMBER | |
| Classification number | UGT LG221. R59 |
| Item number | AG91 2024. |
| 100 ## - MAIN ENTRY--PERSONAL NAME | |
| Personal name | Aguanta, John Rey Fajardo |
| Relator term | Author. |
| 245 ## - TITLE STATEMENT | |
| Title | Development and Acceptability of a Coin-Operated Smart Printing Machine / |
| Statement of responsibility, etc. | Aguanta, Alumisim, Consulta, Macarista, Quinzon |
| 260 ## - PUBLICATION, DISTRIBUTION, ETC. | |
| Date of publication, distribution, etc. | © 2024 |
| 300 ## - PHYSICAL DESCRIPTION | |
| Extent | xiv, 88 pages |
| Other physical details | Illustrations (some colors) |
| Dimensions | 28 cm |
| 337 ## - MEDIA TYPE | |
| Source | rdamedia |
| Media type term | unmediated |
| 338 ## - CARRIER TYPE | |
| Source | rdacarrier |
| Carrier type term | volume |
| 502 ## - DISSERTATION NOTE | |
| Dissertation note | Thesis |
| Degree type | Bachelor of Science in Computer Engineering |
| Name of granting institution | University of Rizal System Antipolo Campus |
| Year degree granted | 2024 |
| 504 ## - BIBLIOGRAPHY, ETC. NOTE | |
| Bibliography, etc. note | includes bibliographical reference |
| 520 ## - SUMMARY, ETC. | |
| Summary, etc. | Accessing printing services in public spaces, such as libraries and schools can often be inconvenient. For this reason, the researchers developed a coin-operated smart printing machine that leads to an innovative solution that addresses the common limitations in accessing printing facilities, which frequently cause trouble to users. the Coin-operated Smart Printing Machine offers a user-friendly and seamless printing experience to meet people's printing needs in various settings. Its design prioritizes ese of use to ensure a smooth printing process. The researchers' machine was made with Arduino Uno R3 as its microcontroller, coin slot to drop coins for payment, coin hopper for dispensing change, printer, and mini desktop for the user interface to manipulate the printing process. This study aimed to develop and determine the acceptability of a Coin-Operated Smart Printing Machine in terms of design, functionality, accuracy, security, and maintenance. The researchers used the T-test method to compare the means of two samples and assess whether the differences were statistically significant. The level of acceptability of the developed machine was very much accepted in terms of design, functionality, accuracy, security, and maintenance as it projected a grand mean of 4.81 for experts and 4.78 for end-users. Furthermore, there was no significant difference in the respondents' perception of the level of acceptability of the machine in terms of the variable mentioned. This study can be subjected to further development and improvement by future researchers. |
| 700 ## - ADDED ENTRY--PERSONAL NAME | |
| Personal name | Raymundo M. Rosales, RECE |
| Relator term | Adviser. |
| 700 ## - ADDED ENTRY--PERSONAL NAME | |
| Personal name | Alumisim, Terence Agustin Perez |
| Relator term | Author |
| 700 ## - ADDED ENTRY--PERSONAL NAME | |
| Personal name | Consulta. Nicole |
| Relator term | Author |
| 700 ## - ADDED ENTRY--PERSONAL NAME | |
| Personal name | Macarista, Heart Batuhan |
| Relator term | Author |
| 700 ## - ADDED ENTRY--PERSONAL NAME | |
| Personal name | Quinzon, John Francis |
| Relator term | Author |
| 856 ## - ELECTRONIC LOCATION AND ACCESS | |
| Materials specified | Online Request For Students Unpublished Work |
| Uniform Resource Identifier | <a href="https://docs.google.com/forms/d/e/1FAIpQLSdtj_eCncT3hgTIbOB8g-3uMYPTK14UGxs8cj-GqWFJPmnTLA/viewform">https://docs.google.com/forms/d/e/1FAIpQLSdtj_eCncT3hgTIbOB8g-3uMYPTK14UGxs8cj-GqWFJPmnTLA/viewform</a> |
| 856 ## - ELECTRONIC LOCATION AND ACCESS | |
| Uniform Resource Identifier | <a href="https://drive.google.com/file/d/1iPU6RwDgWg_urmYlbcn6IhqsFZfqRtyb/view?usp=sharing">https://drive.google.com/file/d/1iPU6RwDgWg_urmYlbcn6IhqsFZfqRtyb/view?usp=sharing</a> |
| 942 ## - ADDED ENTRY ELEMENTS (KOHA) | |
| Source of classification or shelving scheme | Library of Congress Classification |
| Koha item type | Theses and dissertations |
| Withdrawn status | Source of classification or shelving scheme | Damaged status | Not for loan | Home library | Current library | Shelving location | Date acquired | Total Checkouts | Barcode | Date last seen | Price effective from | Koha item type |
|---|---|---|---|---|---|---|---|---|---|---|---|---|
| Library of Congress Classification | Antipolo College Library | Antipolo College Library | On Display | 06/18/2024 | URSANT - UGT1550 | 06/18/2024 | 06/18/2024 | Theses and dissertations |